00252nam a2200097Ia 45000010005000000080041000050820020000461000019000662450044000852600025001292175241024s9999 xx 000 0 und d aRD/972.93/L817i aAngel Lockward 0aLa Isla al Derechoy cada uno en su lado bEd. Centenarioc1999